Normal view
MARC view
- Collet-Sabé, Jordi
Entry Nombre Personal
001 - NUMERO DE CONTROL
- campo de control: 42534
003 - IDENTIFICADOR DE NUMERO DE CONTROL
- campo de control: UPN
005 - FECHA Y HORA DE LA ÜLTIMA TRANSACCIÓN
- campo de control: 20230529134554.0
008 - DATOS DE LONGITUD FIJA
- campo de control de longitud fija: nabaccnnaabn|||||||||| b |nc|||||d
024 7# - OTROS IDENTIFICADORES NORMALIZADOS
- Fuente: orcid
- Número normalizado o código: https://orcid.org/0000-0001-8526-9997
035 ## - NUMERO DE CONTROL
- Número de control: UPN11000014641
040 ## - FUENTE DE CATALOGACIÓN
- Lenguaje de catalogación: SPA
- Agencia de transcripción: UPN
- Agencia original de catalogación: MX-MxUPN
100 1# - ENCABEZAMIENTO - NOMBRE PERSONAL
- Nombre personal: Collet-Sabé, Jordi
370 ## - LUGAR ASOCIADO
- Associated country: España
373 ## - GRUPO ASOCIADO
- Associated group: Universidad de Vic
670 ## - FUENTE EN LA QUE SE LOCALIZARON DATOS
- Cita de la fuente: T
- Uniform Resource Identifier: https://www.researchgate.net/profile/Jordi_Collet-Sabe
680 ## - NOTA PUBLICA DE ACCESO PÚBLICO
- Frase explicativa de la referencia: Doctor en Sociología
902 ## - CATALOGADOR
- Catalogador: MMA/040419
